[Event "C.to Provinciale MB"]
[Site "Ceriano Laghetto ITA"]
[Date "2010.02.??"]
[Round "4"]
[White "Guzzetti, Luigi Enrico"]
[Black "Guglielmetti, Oscar"]
[Result "1/2-1/2"]
[WhiteElo "1887"]
[BlackElo "1788"]
[PlyCount "97"]
[EventDate "2010.02.02"]

1. e4 g6 2. d4 d6 3. Bd3 Bg7 4. Nf3 Nf6 5. O-O O-O 6. Re1 Nc6 7. c3 e5 8. Nbd2
Nh5 9. d5 Nf4 10. Bf1 Ne7 11. Nc4 f5 12. Bxf4 fxe4 13. Bxe5 exf3 14. Bxg7 Kxg7
15. Qd4+ Kg8 16. Qe4 fxg2 17. Qxe7 gxf1=Q+ 18. Kxf1 Bh3+ 19. Kg1 Qc8 20. Qh4
Rf5 21. Re3 Rh5 22. Qg3 Qd8 23. Kh1 Qf8 24. Rf3 Qe7 25. Ne3 Rd8 26. Rg1 Qe5 27.
Qf4 Qxf4 28. Rxf4 Rf8 29. Rxf8+ Kxf8 30. Rg3 Ke7 31. Rf3 Rh4 32. Rg3 b5 33. a3
Kf6 34. Rf3+ Ke7 35. Kg1 a6 36. Rg3 Kf6 37. f3 h5 38. Kf2 Bf5 39. Kg2 Ke5 40.
Rg5 Rf4 41. Kg3 h4+ 42. Kf2 Kf6 43. Rg1 Be4 44. Ng4+ Kf5 45. Nh6+ Ke5 46. Ke2
Bxf3+ 47. Ke3 Be4 48. Ng4+ Kf5 49. Nh6+ 1/2-1/2

[Event "C.to Provinciale MB"]
[Site "Ceriano Laghetto ITA"]
[Date "2010.02.??"]
[Round "4"]
[White "Longo, Giovanni"]
[Black "Pellegrini, Fabio"]
[Result "1/2-1/2"]
[WhiteElo "1641"]
[BlackElo "1541"]
[PlyCount "76"]
[EventDate "2010.02.02"]

1. d4 f5 2. c4 Nf6 3. Nc3 e6 4. Bg5 Be7 5. e3 O-O 6. Bd3 c6 7. Nge2 d5 8. Qc2
Ng4 9. Bf4 Bd6 10. h3 Nf6 11. O-O-O Bxf4 12. Nxf4 Na6 13. a3 Nc7 14. g4 Ne4 15.
f3 Nxc3 16. Qxc3 dxc4 17. Bxc4 Nd5 18. Nxd5 cxd5 19. Bd3 Bd7 20. Kb1 Rc8 21.
Qb3 f4 22. e4 Bc6 23. e5 Qd7 24. Qb4 Qc7 25. Rc1 a5 26. Qd2 Qb6 27. Rc5 a4 28.
Rhc1 Ra8 29. g5 Be8 30. h4 Bh5 31. Be2 Bg6+ 32. Bd3 Bxd3+ 33. Qxd3 Ra5 34. Rc8
Ra8 35. R8c7 g6 36. R7c5 Rf7 37. Qc2 Re7 38. Rc7 Rxc7 1/2-1/2

[Event "C.to Provinciale MB"]
[Site "Ceriano Laghetto ITA"]
[Date "2010.02.??"]
[Round "4"]
[White "Napoli, Ferdinando"]
[Black "Casarin, Massimo"]
[Result "1-0"]
[WhiteElo "1742"]
[BlackElo "1395"]
[PlyCount "43"]
[EventDate "2010.02.02"]

1. e4 e6 2. c4 d5 3. exd5 exd5 4. d4 Nf6 5. Nc3 Bb4 6. Bd2 O-O 7. cxd5 Bxc3 8.
bxc3 Qxd5 9. Nf3 Bg4 10. Be2 Bxf3 11. Bxf3 Re8+ 12. Be3 Qb5 13. Rb1 Qc4 14.
Bxb7 Qxc3+ 15. Qd2 Ne4 16. Qxc3 Nxc3 17. Rb3 Nxa2 18. O-O Na6 19. Bxa6 Re6 20.
Bc4 Rb6 21. Rxb6 axb6 22. Ra1 1-0

[Event "C.to Provinciale MB"]
[Site "Ceriano Laghetto ITA"]
[Date "2010.02.??"]
[Round "4"]
[White "Pandini, Giuseppe"]
[Black "Monticelli, Francesco"]
[Result "1-0"]
[WhiteElo "1702"]
[BlackElo "1536"]
[PlyCount "70"]
[EventDate "2010.02.02"]

1. f4 d5 2. Nf3 Nf6 3. e3 Bf5 4. Be2 e6 5. b3 Be7 6. Bb2 O-O 7. O-O h6 8. Nc3
Nbd7 9. Rc1 a6 10. Ne5 Nxe5 11. fxe5 Ne4 12. Nxe4 Bxe4 13. Bf3 Bg6 14. Qe2 c5
15. d4 Rc8 16. c4 dxc4 17. bxc4 b6 18. d5 Bg5 19. d6 Qd7 20. Rcd1 f6 21. g3
fxe5 22. Bxe5 Bf6 23. Qb2 b5 24. Be2 b4 25. Bxf6 gxf6 26. Rxf6 Rxf6 27. Qxf6
Qf7 28. d7 Qxf6 29. dxc8=Q+ Kg7 30. Qxc5 Qc3 31. Qd4+ Qxd4 32. Rxd4 Bb1 33. Rd2
Kf6 34. c5 Be4 35. Bxa6 Bc6 1-0

[Event "C.to Provinciale MB"]
[Site "Ceriano Laghetto ITA"]
[Date "2010.02.??"]
[Round "4"]
[White "Ronconi, Fausto"]
[Black "Raineri, Pieroberto"]
[Result "1-0"]
[WhiteElo "1780"]
[BlackElo "1677"]
[PlyCount "71"]
[EventDate "2010.02.02"]

1. c4 Nf6 2. Nc3 g6 3. Nf3 Bg7 4. g3 O-O 5. Bg2 d6 6. O-O Bd7 7. d4 Qc8 8. Re1
Bh3 9. Bh1 Nbd7 10. Qb3 h6 11. Nd2 c6 12. Nde4 Nxe4 13. Nxe4 Bxd4 14. Bxh6 Nc5
15. Nxc5 Bxf2+ 16. Kxf2 Qf5+ 17. Qf3 Qxc5+ 18. e3 Qxc4 19. Bxf8 Rxf8 20. b3 Qe6
21. Qf4 f6 22. Bf3 g5 23. Qe4 Qf7 24. Qb4 Bc8 25. h4 e5 26. h5 d5 27. Rh1 e4
28. Bg2 f5 29. Qd6 Be6 30. Qe5 g4 31. Qf4 Kh7 32. Raf1 Qf6 33. h6 Rf7 34. Ke1
b6 35. Bxe4 Qg5 36. Bxf5+ 1-0

[Event "C.to Provinciale MB"]
[Site "Ceriano Laghetto ITA"]
[Date "2010.02.??"]
[Round "4"]
[White "Santarelli, Sabatino"]
[Black "Conta, Diego"]
[Result "0-1"]
[WhiteElo "1658"]
[BlackElo "1763"]
[PlyCount "74"]
[EventDate "2010.02.02"]

1. b3 e5 2. Bb2 d6 3. e3 Nf6 4. d4 exd4 5. exd4 Bg4 6. Nf3 d5 7. h3 Bh5 8. Nbd2
Bd6 9. Be2 O-O 10. O-O c6 11. Re1 Re8 12. c4 Nbd7 13. a4 Bb4 14. Ba3 Bxa3 15.
Rxa3 Ne4 16. b4 f5 17. cxd5 cxd5 18. Bb5 Nxd2 19. Rxe8+ Qxe8 20. Qxd2 a6 21.
Bxd7 Qxd7 22. Ne5 Qd6 23. Rc3 Rf8 24. Qa2 Be8 25. Rc5 Bc6 26. f4 Rc8 27. Qc2
Qe6 28. Kh2 g6 29. b5 axb5 30. axb5 Bd7 31. Nxd7 Rxc5 32. Nxc5 Qe3 33. g3 b6
34. Nb3 Qe6 35. h4 h5 36. Kg2 Qe4+ 37. Kh2 Qxc2+ 0-1

[Event "C.to Provinciale MB"]
[Site "Ceriano Laghetto ITA"]
[Date "2010.02.??"]
[Round "4"]
[White "Squillante, Michele"]
[Black "Boffi, Luigi"]
[Result "1/2-1/2"]
[WhiteElo "1842"]
[BlackElo "1600"]
[PlyCount "64"]
[EventDate "2010.02.02"]

1. d4 Nf6 2. Nf3 d5 3. Bg5 e6 4. Nbd2 Be7 5. e3 Nbd7 6. Bd3 h6 7. Bh4 O-O 8.
O-O c5 9. c3 b6 10. Ne5 Nxe5 11. dxe5 Nd7 12. Bxe7 Qxe7 13. f4 Bb7 14. Nf3 Rad8
15. Qe2 c4 16. Bc2 b5 17. Rad1 a5 18. a3 Nb8 19. e4 dxe4 20. Bxe4 Qc5+ 21. Kh1
Bxe4 22. Qxe4 Nc6 23. Nd4 Nxd4 24. Rxd4 Rd5 25. Rfd1 Rfd8 26. g3 b4 27. axb4
axb4 28. cxb4 Qxb4 29. Rxd5 Rxd5 30. Rxd5 exd5 31. Qxd5 Qe1+ 32. Kg2 Qe2+
1/2-1/2

[Event "C.to Provinciale MB"]
[Site "Ceriano Laghetto ITA"]
[Date "2010.02.??"]
[Round "4"]
[White "Veronelli, Franco"]
[Black "Canciani, Alberto"]
[Result "1-0"]
[WhiteElo "1819"]
[BlackElo "1461"]
[PlyCount "73"]
[EventDate "2010.02.02"]

1. e4 e6 2. d4 c5 3. c3 a6 4. Nf3 Qc7 5. Be2 b6 6. O-O d6 7. Bf4 Bb7 8. Nbd2
Nd7 9. h3 h6 10. Bh2 Ne7 11. Bd3 g5 12. Nc4 Ng6 13. e5 d5 14. Nd6+ Bxd6 15.
exd6 Qc6 16. Bxg6 fxg6 17. Ne5 Nxe5 18. Bxe5 O-O 19. h4 gxh4 20. Qg4 Kh7 21.
Qxh4 Qd7 22. Rae1 a5 23. Re3 Qd8 24. Qe7+ Qxe7 25. dxe7 Rf7 26. Bd6 cxd4 27.
Rxe6 Bc6 28. cxd4 Re8 29. Rfe1 Rf5 30. Bc7 Ba4 31. Bxb6 h5 32. Bxa5 h4 33. R6e5
Rf6 34. Bc3 Bc6 35. b3 Kh6 36. a4 g5 37. Re6 1-0

[Event "C.to Provinciale MB"]
[Site "Ceriano Laghetto ITA"]
[Date "2010.02.??"]
[Round "4"]
[White "Viale, Fabio"]
[Black "Origgio, Stefano"]
[Result "0-1"]
[WhiteElo "1856"]
[BlackElo "1668"]
[PlyCount "45"]
[EventDate "2010.02.02"]

1. d4 Nf6 2. c4 e6 3. Nc3 Bb4 4. e3 c5 5. Nge2 cxd4 6. exd4 d5 7. a3 Be7 8. Ng3
O-O 9. Bg5 Nc6 10. c5 a5 11. Bb5 Ne8 12. Bxe7 Qxe7 13. O-O Nc7 14. Ba4 Bd7 15.
Re1 g6 16. f4 Qf6 17. Bxc6 Bxc6 18. Qd2 a4 19. Re5 Rfb8 20. Qd3 b6 21. Rf1 Qh8
22. Nh5 f6 23. g4 0-1

[Event "C.to Provinciale MB"]
[Site "Ceriano Laghetto ITA"]
[Date "2010.02.??"]
[Round "5"]
[White "Annoni, Tiziano"]
[Black "Bertuolo, Sergio"]
[Result "1-0"]
[WhiteElo "1473"]
[BlackElo "1559"]
[PlyCount "87"]
[EventDate "2010.02.02"]

1. e4 e5 2. Nf3 Nc6 3. Bb5 a6 4. Ba4 Nf6 5. O-O Be7 6. Re1 d6 7. c3 b5 8. Bb3
Bb7 9. d3 d5 10. exd5 Nxd5 11. Nxe5 Nxe5 12. Rxe5 O-O 13. d4 Bf6 14. Re1 Qd6
15. Nd2 Qc6 16. Ne4 Rfe8 17. Nxf6+ Nxf6 18. f3 Rxe1+ 19. Qxe1 Re8 20. Qf2 Nd5
21. Bg5 Qg6 22. Bh4 Nf4 23. Bg3 Re2 24. Re1 Rxe1+ 25. Qxe1 Ne6 26. d5 Nf8 27.
Bxc7 Nd7 28. Ba5 Nf6 29. Qd1 Qg5 30. d6 Qc5+ 31. Kf1 Qf5 32. Qe2 Bc6 33. Bc2
Qf4 34. Bb4 Nd5 35. Bc5 Qxh2 36. Be4 Qh1+ 37. Bg1 Qh5 38. Qd2 Kf8 39. b3 Qe5
40. c4 bxc4 41. bxc4 Qa1+ 42. Kf2 Nc3 43. Bxc6 Nd1+ 44. Kg3 1-0

[Event "C.to Provinciale MB"]
[Site "Ceriano Laghetto ITA"]
[Date "2010.02.??"]
[Round "5"]
[White "Boffi, Luigi"]
[Black "Farinella, Piervittorio"]
[Result "1/2-1/2"]
[WhiteElo "1600"]
[BlackElo "1380"]
[PlyCount "71"]
[EventDate "2010.02.02"]

1. e4 c5 2. c3 Nc6 3. d4 cxd4 4. cxd4 d6 5. Nc3 Nf6 6. Bb5 Bd7 7. Nf3 a6 8. Ba4
b5 9. Bc2 Bg4 10. Be3 e6 11. O-O Be7 12. Bd3 O-O 13. a3 h6 14. Be2 Re8 15. Rc1
Qd7 16. h3 Bh5 17. b4 Qb7 18. d5 Nd8 19. e5 dxe5 20. dxe6 Nxe6 21. Nxe5 Bxe2
22. Qxe2 Bd6 23. Ng4 Ne4 24. Qf3 f5 25. Qxf5 Nxc3 26. Rxc3 Qe7 27. Qc2 Red8 28.
Qb3 Kh8 29. Nh2 Rac8 30. Nf3 Bf4 31. Re1 Ng5 32. Nxg5 Bxg5 33. Kf1 Rxc3 34.
Qxc3 Bf6 35. Qc1 Qe5 36. Bf4 1/2-1/2

[Event "C.to Provinciale MB"]
[Site "Ceriano Laghetto ITA"]
[Date "2010.02.??"]
[Round "5"]
[White "Casarin, Massimo"]
[Black "Squillante, Michele"]
[Result "0-1"]
[WhiteElo "1395"]
[BlackElo "1842"]
[PlyCount "95"]
[EventDate "2010.02.02"]

1. e4 c6 2. d4 d5 3. Nc3 dxe4 4. Nxe4 Bf5 5. Ng3 Bg6 6. h4 h6 7. h5 Bh7 8. Nf3
Nd7 9. Bd3 Bxd3 10. Qxd3 Qc7 11. Be3 e6 12. O-O-O Ngf6 13. Ne5 Nxe5 14. dxe5
Qxe5 15. Bd4 Qf4+ 16. Kb1 Nd5 17. Ne2 Qc7 18. c3 O-O-O 19. Qg3 Qxg3 20. Nxg3 a6
21. Rhe1 Rg8 22. Ne4 Be7 23. g3 Nc7 24. Bb6 Rxd1+ 25. Rxd1 Rd8 26. Rxd8+ Kxd8
27. Kc2 Kd7 28. Nc5+ Bxc5 29. Bxc5 f6 30. Kd3 e5 31. Ke4 Ke6 32. Bf8 Ne8 33. b4
f5+ 34. Kd3 Kf7 35. Bc5 Nf6 36. f4 exf4 37. gxf4 Nxh5 38. Be3 Ke6 39. Kd4 Nf6
40. Kc5 Kd7 41. Kd4 Nd5 42. Bd2 Kd6 43. c4 Ne7 44. Bc3 g6 45. Ke3 g5 46. Kf3
Ng6 47. Bd2 g4+ 48. Kg3 0-1

[Event "C.to Provinciale MB"]
[Site "Ceriano Laghetto ITA"]
[Date "2010.02.??"]
[Round "5"]
[White "Conta, Diego"]
[Black "Pandini, Giuseppe"]
[Result "0-1"]
[WhiteElo "1763"]
[BlackElo "1702"]
[PlyCount "79"]
[EventDate "2010.02.02"]

1. d4 b6 2. e4 e6 3. a3 Bb7 4. Nc3 Nf6 5. Bd3 Be7 6. Nf3 d6 7. O-O Nbd7 8. b4
a6 9. Re1 c5 10. d5 e5 11. Be3 O-O 12. Ne2 Ng4 13. Bd2 b5 14. c3 c4 15. Bc2 Bc8
16. h3 Ngf6 17. Ng3 h6 18. Nf5 Nh7 19. Nxe7+ Qxe7 20. Nh2 Nb6 21. Re3 f5 22.
exf5 Bxf5 23. Bxf5 Rxf5 24. Rg3 Kh8 25. Be3 Nd7 26. Ng4 Ng5 27. f3 Raf8 28. h4
Nh7 29. Rh3 Ndf6 30. Nf2 Nh5 31. g4 Nf4 32. gxf5 Nxh3+ 33. Nxh3 Qxh4 34. Qf1
Rxf5 35. Ra2 Nf6 36. Qg2 Nxd5 37. Bd2 Qh5 38. Kf2 e4 39. Ng1 Qe8 40. Ke2 0-1

[Event "C.to Provinciale MB"]
[Site "Ceriano Laghetto ITA"]
[Date "2010.02.??"]
[Round "5"]
[White "Dimo, Maurizio"]
[Black "Santarelli, Sabatino"]
[Result "0-1"]
[WhiteElo "1514"]
[BlackElo "1658"]
[PlyCount "156"]
[EventDate "2010.02.02"]

1. e4 c5 2. Nf3 Nc6 3. Nc3 d6 4. h3 a6 5. a4 Nf6 6. Bc4 h6 7. d3 e6 8. Bd2 Be7
9. O-O O-O 10. Ne2 b6 11. Ng3 Bb7 12. Bc3 d5 13. exd5 Nxd5 14. Be5 f6 15. Bc3
Kh8 16. Nh4 Qe8 17. Re1 Nxc3 18. bxc3 e5 19. Qg4 g5 20. Nhf5 Bc8 21. h4 Ra7 22.
Nh5 Bd8 23. Nhg3 Qg6 24. Qe4 Ne7 25. h5 Qh7 26. d4 Bxf5 27. Nxf5 Qxf5 28. Qxf5
Nxf5 29. dxe5 fxe5 30. Rxe5 Re7 31. Rxe7 Bxe7 32. Bxa6 Bf6 33. Ra3 Nd6 34. c4
Bd4 35. Rb3 Rxf2 36. Rxb6 Rxc2+ 37. Kf1 Rf2+ 38. Ke1 Rf6 39. Rb8+ Kg7 40. a5
Bc3+ 41. Ke2 Bxa5 42. Bb5 Bc3 43. Kd3 Bd4 44. Rd8 Nxb5 45. cxb5 Rb6 46. Kc4 Kf7
47. Rc8 Ke7 48. Ra8 Kd7 49. Ra6 Kc7 50. Ra7+ Rb7 51. Ra6 Rb6 52. Ra7+ Kb8 53.
Rh7 Rf6 54. g4 Rd6 55. Rf7 Be3 56. Re7 Bd4 57. Rf7 Kc8 58. Re7 Bg1 59. Re8+ Kc7
60. Re7+ Kb6 61. Re8 Rd4+ 62. Kc3 Kxb5 63. Re6 Rxg4 64. Rxh6 Rg3+ 65. Kc2 Be3
66. Rh7 Rh3 67. Re7 g4 68. Re5 Kc4 69. Re4+ Kd5 70. Rxg4 Rxh5 71. Kd3 Rh3 72.
Ra4 Bd4+ 73. Kc2 c4 74. Ra5+ Ke4 75. Ra8 Rh2+ 76. Kd1 Kd3 77. Ra3+ c3 78. Ke1
Rh1# 0-1

[Event "C.to Provinciale MB"]
[Site "Ceriano Laghetto ITA"]
[Date "2010.02.??"]
[Round "5"]
[White "Guglielmetti, Oscar"]
[Black "Longo, Giovanni"]
[Result "0-1"]
[WhiteElo "1788"]
[BlackElo "1641"]
[PlyCount "58"]
[EventDate "2010.02.02"]

1. Nf3 Nf6 2. g3 g6 3. Bg2 Bg7 4. d3 d5 5. O-O O-O 6. Nc3 c5 7. e4 d4 8. Ne2
Nc6 9. Nh4 e5 10. Bd2 Nh5 11. Qc1 Bd7 12. h3 Rc8 13. Bh6 Rc7 14. Kh2 f5 15. Bg5
Bf6 16. Bxf6 Qxf6 17. exf5 gxf5 18. Bd5+ Be6 19. Bxe6+ Qxe6 20. Nxf5 Rxf5 21.
g4 Rf3 22. Ng1 Rcf7 23. Nxf3 Rxf3 24. Qd1 e4 25. dxe4 Ne5 26. Qd2 Rxh3+ 27.
Kxh3 Qxg4+ 28. Kh2 Nf3+ 29. Kh1 Qh3# 0-1

[Event "C.to Provinciale MB"]
[Site "Ceriano Laghetto ITA"]
[Date "2010.02.??"]
[Round "5"]
[White "Monticelli, Francesco"]
[Black "Veronelli, Franco"]
[Result "1/2-1/2"]
[WhiteElo "1536"]
[BlackElo "1819"]
[PlyCount "96"]
[EventDate "2010.02.02"]

1. e4 e5 2. Nf3 Nf6 3. Nc3 Nc6 4. Bc4 Nxe4 5. Nxe4 d5 6. Bd3 dxe4 7. Bxe4 Bd6
8. O-O Be6 9. c3 O-O 10. d4 f5 11. Bxc6 bxc6 12. dxe5 Bc5 13. Qxd8 Raxd8 14.
Bf4 h6 15. h4 Rd3 16. a3 Rfd8 17. Rac1 Kf7 18. b4 Bb6 19. Ne1 R3d7 20. Nc2 c5
21. Be3 cxb4 22. cxb4 Rd3 23. Bxb6 cxb6 24. a4 a5 25. bxa5 bxa5 26. Ne3 R3d4
27. Rfd1 g6 28. g3 Bb3 29. Rc7+ Ke6 30. Rxd4 Rxd4 31. Rc6+ Kxe5 32. Rc5+ Kd6
33. Rxa5 Rxa4 34. Rxa4 Bxa4 35. Nc4+ Ke6 36. Ne3 Bc6 37. f4 Kf6 38. Kf2 g5 39.
fxg5+ hxg5 40. h5 g4 41. h6 Be4 42. Nc4 Kg6 43. Ke3 Kxh6 44. Ne5 Kg5 45. Kf2
Bd5 46. Nd3 Kf6 47. Ke3 Kg5 48. Nf4 Be4 1/2-1/2

[Event "C.to Provinciale MB"]
[Site "Ceriano Laghetto ITA"]
[Date "2010.02.??"]
[Round "5"]
[White "Origgio, Stefano"]
[Black "Basile, Daniele"]
[Result "0-1"]
[WhiteElo "1668"]
[BlackElo "1697"]
[PlyCount "80"]
[EventDate "2010.02.02"]

1. d4 e6 2. c4 d5 3. Nc3 Nf6 4. Bg5 c6 5. Nf3 Bd6 6. e4 dxe4 7. Nxe4 Be7 8.
Bxf6 Bxf6 9. Be2 Qa5+ 10. Nc3 e5 11. O-O exd4 12. Nxd4 O-O 13. Nb3 Qc7 14. Qc2
Qf4 15. Bd3 g6 16. Ne2 Qe5 17. Rab1 Re8 18. Ng3 Na6 19. Qd2 Be6 20. Rfe1 Qc7
21. a3 Rad8 22. Qc2 c5 23. Nc1 Bd7 24. Nce2 Be5 25. Nc3 Bc6 26. Be4 Nb8 27. Nd5
Bxd5 28. Bxd5 Bd4 29. Qd2 Nd7 30. Rxe8+ Rxe8 31. b4 b6 32. b5 Nf6 33. Bc6 Re5
34. h3 Qe7 35. Kh1 Kg7 36. Rb3 Re1+ 37. Kh2 h5 38. Qg5 Ng4+ 39. Qxg4 hxg4 40.
hxg4 Qh4# 0-1

[Event "C.to Provinciale MB"]
[Site "Ceriano Laghetto ITA"]
[Date "2010.02.??"]
[Round "5"]
[White "Pellegrini, Fabio"]
[Black "Napoli, Ferdinando"]
[Result "0-1"]
[WhiteElo "1541"]
[BlackElo "1742"]
[PlyCount "78"]
[EventDate "2010.02.02"]

1. e4 c5 2. c3 d5 3. exd5 Qxd5 4. Qf3 Nf6 5. Qxd5 Nxd5 6. Bc4 e6 7. Ne2 Nc6 8.
d3 Be7 9. Nd2 Bd7 10. Nf3 O-O 11. Bb3 Bf6 12. Bg5 Bxg5 13. Nxg5 Ne5 14. Bc2 h6
15. Ne4 b6 16. O-O Bc6 17. Rad1 Rfd8 18. a3 Rac8 19. c4 Ne7 20. N2g3 Bb7 21. h3
Rd7 22. f4 N5c6 23. Ba4 Rdd8 24. Nd2 Rd4 25. Ne2 Rd6 26. g4 Nd4 27. Nxd4 Rxd4
28. f5 exf5 29. Rfe1 Kf8 30. gxf5 Nxf5 31. Re5 Nh4 32. Re3 f6 33. b4 cxb4 34.
axb4 Nf3+ 35. Kf1 Ne5 36. Rde1 Bf3 37. Rxe5 fxe5 38. Rxe5 Kg8 39. Ke1 Rd6 0-1

[Event "C.to Provinciale MB"]
[Site "Ceriano Laghetto ITA"]
[Date "2010.02.??"]
[Round "5"]
[White "Petetta, Roberto"]
[Black "Guzzetti, Luigi Enrico"]
[Result "0-1"]
[WhiteElo "1649"]
[BlackElo "1887"]
[PlyCount "54"]
[EventDate "2010.02.02"]

1. e4 c5 2. Nf3 e6 3. d4 cxd4 4. Nxd4 a6 5. Nc3 Qc7 6. a4 Nf6 7. Be2 Nc6 8. Be3
Be7 9. O-O O-O 10. f3 d6 11. Na2 e5 12. Nb3 Be6 13. c3 Rfd8 14. Qc2 Rac8 15.
Rac1 Na5 16. Nxa5 Qxa5 17. b4 Qc7 18. a5 Qc6 19. c4 d5 20. Bb6 Rf8 21. Qb2 dxc4
22. Qxe5 Nd7 23. Qd4 Bf6 24. Qf2 Nxb6 25. axb6 c3 26. e5 Bxe5 27. Qe3 Bxa2 0-1

[Event "C.to Provinciale MB"]
[Site "Ceriano Laghetto ITA"]
[Date "2010.02.??"]
[Round "5"]
[White "Pino, Nicola"]
[Black "Ronconi, Fausto"]
[Result "1/2-1/2"]
[WhiteElo "1793"]
[BlackElo "1780"]
[PlyCount "119"]
[EventDate "2010.02.02"]

1. e4 e6 2. d4 d5 3. Nd2 dxe4 4. Nxe4 Nd7 5. Nf3 Ngf6 6. Bd3 Nxe4 7. Bxe4 Nf6
8. Bd3 Bd6 9. c4 c5 10. dxc5 Bxc5 11. O-O b6 12. b4 Bd4 13. Nxd4 Qxd4 14. Be3
Qd8 15. c5 bxc5 16. Bxc5 Nd5 17. Qa4+ Bd7 18. Bb5 Bxb5 19. Qxb5+ Qd7 20. Qxd7+
Kxd7 21. Rfd1 Rhc8 22. Rac1 a6 23. a3 Rc6 24. Bd4 Rxc1 25. Rxc1 g6 26. Kf1 Rc8
27. Rxc8 Kxc8 28. Ke2 Kd7 29. g3 Kc6 30. Kd2 Kb5 31. Kc2 Kc4 32. Bb2 Nc7 33.
Bg7 Nb5 34. Kb2 Nd6 35. Bf8 Ne4 36. f4 h5 37. Kc2 f5 38. Be7 Nf2 39. Bc5 Nd3
40. Bb6 e5 41. fxe5 Nxe5 42. h3 Nf3 43. Bf2 Kb5 44. Kb3 Nd2+ 45. Kc2 Ne4 46.
Be1 Ka4 47. Kd3 Kxa3 48. g4 Nf6 49. gxf5 gxf5 50. Kd4 Nd7 51. Kd5 f4 52. Ke4
Nb6 53. Kxf4 Nd5+ 54. Kg5 Nxb4 55. Kxh5 a5 56. Kg6 a4 57. h4 Kb3 58. h5 a3 59.
Bh4 Nd3 60. Bf6 1/2-1/2

[Event "C.to Provinciale MB"]
[Site "Ceriano Laghetto ITA"]
[Date "2010.02.??"]
[Round "5"]
[White "Viale, Fabio"]
[Black "Borserini, Mirko"]
[Result "0-1"]
[WhiteElo "1856"]
[BlackElo "1449"]
[PlyCount "102"]
[EventDate "2010.02.02"]

1. d4 Nf6 2. c4 g6 3. Nf3 Bg7 4. Nc3 O-O 5. e4 d6 6. Be2 b6 7. O-O Bb7 8. d5 c6
9. Be3 Nbd7 10. Qc2 Rc8 11. Rac1 Re8 12. Rfd1 cxd5 13. cxd5 Nc5 14. Qb1 a5 15.
Bb5 Rf8 16. Nd4 Rc7 17. h3 Nfd7 18. Nc6 Bxc6 19. dxc6 Bxc3 20. Rxc3 Ne5 21.
Bxc5 bxc5 22. Qc2 Nxc6 23. Bxc6 Rxc6 24. e5 Qc7 25. exd6 exd6 26. Rd5 Rb8 27.
Qd2 Rb5 28. Re3 Rb8 29. Qe2 Qb6 30. b3 Qa6 31. Qf3 a4 32. Re7 Rf8 33. Qg3 axb3
34. axb3 Rd8 35. Qf4 Qa1+ 36. Kh2 Qg7 37. Qe4 Qf8 38. Rb7 Re8 39. Qa4 Rec8 40.
Rd7 R8c7 41. Rxc7 Rxc7 42. Qf4 Rc6 43. h4 h6 44. h5 g5 45. Qf6 Qg7 46. Qd8+ Kh7
47. Rf5 Qg8 48. Qd7 Rb6 49. Rxf7+ Kh8 50. Qe6 d5 51. Qxh6+ Rxh6 0-1

[Event "C.to Provinciale MB"]
[Site "Ceriano Laghetto ITA"]
[Date "2010.02.??"]
[Round "6"]
[White "Basile, Daniele"]
[Black "Guzzetti, Luigi Enrico"]
[Result "1/2-1/2"]
[WhiteElo "1697"]
[BlackElo "1887"]
[PlyCount "90"]
[EventDate "2010.02.02"]

1. e3 Nf6 2. d4 g6 3. Nf3 Bg7 4. c3 d6 5. Bd3 O-O 6. Nbd2 Nbd7 7. Ne4 c5 8. O-O
Qc7 9. b4 c4 10. Bc2 a5 11. Nxf6+ Nxf6 12. b5 b6 13. a4 Bb7 14. Re1 e5 15. e4
exd4 16. Nxd4 Rfe8 17. f3 Nd7 18. Bf4 Ne5 19. Qd2 Rac8 20. Rac1 Qe7 21. Rcd1
Red8 22. Qf2 Qf6 23. Ne2 d5 24. Bxe5 Qxe5 25. Qxb6 Ba8 26. Qxa5 Qg5 27. Qb6 Bf8
28. Qf2 dxe4 29. fxe4 Rd2 30. Rxd2 Qxd2 31. Nd4 Qxc3 32. Rf1 f5 33. Ne6 Bh6 34.
Kh1 Be3 35. Qe2 fxe4 36. Qd1 Bd2 37. Qb1 Qe5 38. b6 Bb7 39. Nc7 e3 40. Bxg6 e2
41. Bf7+ Kh8 42. Bxc4 exf1=Q+ 43. Qxf1 Qg5 44. Ne6 Bxg2+ 45. Qxg2 Rxc4 1/2-1/2

[Event "C.to Provinciale MB"]
[Site "Ceriano Laghetto ITA"]
[Date "2010.02.??"]
[Round "6"]
[White "Canciani, Alberto"]
[Black "Boffi, Luigi"]
[Result "1-0"]
[WhiteElo "1461"]
[BlackElo "1600"]
[PlyCount "75"]
[EventDate "2010.02.02"]

1. c4 g6 2. g3 Bg7 3. e3 Nf6 4. Bg2 O-O 5. Ne2 c6 6. Nbc3 b6 7. d4 Bb7 8. e4 d6
9. Bd2 Nbd7 10. f3 e6 11. g4 e5 12. d5 cxd5 13. cxd5 Nc5 14. Be3 Nfd7 15. Ng3
Ba6 16. Bf1 Bxf1 17. Kxf1 a6 18. h4 b5 19. Kg2 b4 20. Nce2 a5 21. Qd2 Rc8 22.
h5 Nb6 23. b3 Qd7 24. Rac1 Qb5 25. Bh6 Nd3 26. Rxc8 Rxc8 27. hxg6 fxg6 28. Be3
Nd7 29. f4 N7c5 30. f5 a4 31. bxa4 Qxa4 32. fxg6 hxg6 33. Bh6 b3 34. axb3 Qb4
35. Qxb4 Nxb4 36. Bd2 Nbd3 37. b4 Nb3 38. Bc3 1-0

[Event "C.to Provinciale MB"]
[Site "Ceriano Laghetto ITA"]
[Date "2010.02.??"]
[Round "6"]
[White "Farinella, Piervittorio"]
[Black "Casarin, Massimo"]
[Result "1/2-1/2"]
[WhiteElo "1380"]
[BlackElo "1395"]
[PlyCount "48"]
[EventDate "2010.02.02"]

1. e4 c5 2. Nf3 Nc6 3. d4 cxd4 4. Nxd4 g6 5. Bc4 Bg7 6. c3 Nf6 7. Nd2 O-O 8.
O-O d6 9. Re1 Qb6 10. N2b3 e5 11. Nf3 Ng4 12. Qe2 Qc7 13. h3 Nf6 14. Bg5 a6 15.
Rad1 b5 16. Bd3 Be6 17. Bc2 Rad8 18. Bxf6 Bxf6 19. a3 d5 20. Nc5 dxe4 21. Nxe4
Bg7 22. h4 f5 23. Nc5 Bc4 24. Qe3 Qe7 1/2-1/2

[Event "C.to Provinciale MB"]
[Site "Ceriano Laghetto ITA"]
[Date "2010.02.??"]
[Round "6"]
[White "Guglielmetti, Oscar"]
[Black "Pellegrini, Fabio"]
[Result "0-1"]
[WhiteElo "1788"]
[BlackElo "1541"]
[PlyCount "38"]
[EventDate "2010.02.02"]

1. Nf3 c6 2. g3 g6 3. Bg2 Bg7 4. d3 Nf6 5. O-O O-O 6. e4 d6 7. Nc3 e5 8. Bd2 h6
9. Qc1 Kh7 10. Nh4 Be6 11. f4 exf4 12. Bxf4 g5 13. e5 dxe5 14. Bxe5 gxh4 15.
Bxf6 Bxf6 16. Be4+ Kg7 17. Qf4 Bd4+ 18. Kh1 Qg5 19. Qc7 hxg3 0-1

[Event "C.to Provinciale MB"]
[Site "Ceriano Laghetto ITA"]
[Date "2010.02.??"]
[Round "6"]
[White "Longo, Giovanni"]
[Black "Pino, Nicola"]
[Result "1-0"]
[WhiteElo "1641"]
[BlackElo "1793"]
[PlyCount "122"]
[EventDate "2010.02.02"]

1. d4 d5 2. Nf3 c6 3. c4 Nf6 4. Nc3 dxc4 5. Bg5 Nd5 6. e4 Nxc3 7. bxc3 b5 8. a4
Qc7 9. Qd2 e6 10. Be2 Bb7 11. O-O Be7 12. Bf4 Bd6 13. e5 Be7 14. Rfb1 a6 15.
Qb2 Ra7 16. Be3 Ra8 17. Bxc4 Nd7 18. Bd3 O-O 19. Qc2 g6 20. h4 f5 21. Qb3 Kf7
22. Bg5 Rfb8 23. Bxe7 Kxe7 24. Ng5 Nf8 25. Qb4+ Kd7 26. Qc5 Ke8 27. axb5 axb5
28. Rxa8 Rxa8 29. Rxb5 h6 30. Nh3 Nd7 31. Qc4 Kf7 32. Nf4 Nf8 33. Rb1 g5 34.
hxg5 hxg5 35. Nh3 Kg6 36. Qb3 Ra7 37. Qc2 c5 38. Qd2 Nh7 39. f4 g4 40. Nf2 Kg7
41. dxc5 Qxc5 42. Bxf5 Be4 43. Bxe4 g3 44. Kf1 gxf2 45. Qxf2 Qc4+ 46. Qe2 Qxe2+
47. Kxe2 Rc7 48. Rb7 Rxb7 49. Bxb7 Nf8 50. c4 Kf7 51. c5 Ke7 52. Be4 Nd7 53. c6
Nc5 54. Ke3 Kd8 55. g4 Na6 56. g5 Ke7 57. f5 exf5 58. Bxf5 Nc7 59. g6 Ne8 60.
Kf4 Kf8 61. Kg5 Kg7 1-0

[Event "C.to Provinciale MB"]
[Site "Ceriano Laghetto ITA"]
[Date "2010.02.??"]
[Round "6"]
[White "Napoli, Ferdinando"]
[Black "Petetta, Roberto"]
[Result "1-0"]
[WhiteElo "1742"]
[BlackElo "1649"]
[PlyCount "43"]
[EventDate "2010.02.02"]

1. b3 Nf6 2. Bb2 e6 3. e3 b6 4. Nf3 Bb7 5. Be2 Be7 6. c4 O-O 7. O-O d6 8. Nc3
Nbd7 9. d4 c6 10. Qd2 Rc8 11. e4 Qc7 12. Rac1 Qb8 13. Ba3 Rfe8 14. Rfe1 Kh8 15.
Ng5 Kg8 16. f4 e5 17. Nf3 exd4 18. Nxd4 d5 19. Bxe7 Rxe7 20. e5 Ne4 21. Nxe4
dxe4 22. Nf5 1-0